Normal view
MARC view
Entry Topical Term
001 - CONTROL NUMBER
- control field: 45479
003 - CONTROL NUMBER IDENTIFIER
- control field: ARRUPE
005 - DATE AND TIME OF LATEST TRANSACTION
- control field: 20190328112026.0
008 - FIXED-LENGTH DATA ELEMENTS
- fixed length control field: 190328|| aca||aabn | a|a d
040 ## - CATALOGING SOURCE
- Original cataloging agency: ARRUPE
- Transcribing agency: ARRUPE
150 ## - HEADING--TOPICAL TERM
- Topical term or geographic name as entry element: Fipa (African people)
670 ## - SOURCE DATA FOUND
- Source citation: Work cat.: (ARRUPE)0: Willis, Roy G. 38573, The Fipa and related peoples of south-west Tanzania and north-east Zambia,, 1966.